000 01374nam a2200277 i 4500
001 001181267
003 AM-YeHGA
005 20250618074612.0
008 150831s2016 ai ao||gr|||||000|0|arm||
020 _a9789939661612
040 _aAM-YeHGA
041 1 _aarm
_heng
100 1 _aՄաքդոնալդ, Ֆիոնա
245 1 0 _aՎիկինգներ :
_b[Նախագծեր. հարցեր. զարմանալի փաստեր. զվարճալի նկարներ] /
_cՖ. Մաքդոնալդ; Ծրագրի պատասխանատու՝ Հ. Մեդոյան ; Խորհրդատու՝ Ջ. Սմիթ ; Թարգմանիչ՝ Շ. Ալեքսանյան ; Գեղարվեստական խմբագիր՝ Հ. Այվազյան.
260 _aԵրևան :
_bԲուկինիստ,
_bMiles Kelly,
_c2016.
300 _a48 էջ :
_bնկարներ, լուսանկարներ ;
_c30 սմ.
490 1 _a100 փաստ
504 _aԱնվանացանկ՝ էջ 48:
650 1 4 _aՎիկինգներ
_vԳիտա-հանրամատչելի գրականություն
700 1 _aՄեդոյան, Հեղինե
_eծրագրի պատասխանատու
_4org
700 1 _aԱլեքսանյան, Շուշան
_eթարգմանիչ
_4trl
700 1 _aՍմիթ, Ջերեմի
_eխորհրդատու
_4csl
700 1 _aԱյվազյան, Հովհաննես
_eխմբագիր
_4edt
_93088
830 0 _a100 փաստ
090 _c378329
999 _c376419
_d376419